take a bite - beabadoobee lyrics - Statistics

General Stats
  • This quiz has been taken 146 times
  • The average score is 175 of 223
Answer Stats
take a bite % Correct
a
99%
i
97%
take
96%
to
93%
in
92%
and
91%
it
91%
the
91%
when
91%
bite
89%
see
89%
through
89%
want
89%
might
88%
think
88%
wanted
88%
world
88%
your
88%
color
86%
sit
86%
that
86%
eyes
84%
on
84%
with
84%
cherry
82%
mind
82%
top
81%
wonder
81%
but
80%
eat
80%
again
77%
all
77%
do
77%
like
76%
over
76%
wanna
74%
talk
73%
situations
70%
easy
69%
i'm
69%
it's
68%
kiss
66%
night
65%
verse 1 sure
65%
are
64%
lips
64%
exist
58%
indulging
58%
cease
54%
get
54%
fix
53%
moments
53%
only
53%
breathe
51%
imaginations
51%
harder
47%
love
46%
gets
45%
guess
43%
just
43%
fabricated
41%
temptations
41%
cause
39%
'cause
39%
craving
39%
hit
39%
expectations
38%
i'll
38%
what's
38%
if
36%
point
36%
of
34%
turns
34%
trying
32%
bleeds
31%
into
31%
this
31%
stuck
27%
backwards
24%
way
24%
unattainable
23%
some
22%
reverse
20%
outro moving
19%
things
18%
No matching quizzes found
Score Distribution
Percent of People with Each Score
Percentile by Number Answered
Your Score History
You have not taken this quiz